Phân tích tác động của viện trợ phát triển chính thức ODA đến tăng trưởng kinh tế tại Việt Nam : Luận văn Thạc sĩ Kinh tế. Chuyên ngành Tài chính Ngân hàng
Phân tích tác động của nguồn vốn viện trợ phát triển chính thức ODA đến tăng trưởng kinh tế tại Việt Nam, từ đó đề xuất kiến nghị tăng cường thu hút và quản lý, sử dụng hiệu quả nguồn vốn ODA để thúc đẩy kinh tế tăng trưởng nhanh...
Guardat en:
| Autor principal: | |
|---|---|
| Format: | Llibre |
| Idioma: | Undetermined |
| Publicat: |
Cần Thơ
Trường Đại học Cần Thơ
2017
|
| Matèries: | |
| Etiquetes: |
Afegir etiqueta
Sense etiquetes, Sigues el primer a etiquetar aquest registre!
|
| Thư viện lưu trữ: | Trung tâm Học liệu Trường Đại học Cần Thơ |
|---|
| LEADER | 01308nam a2200217Ia 4500 | ||
|---|---|---|---|
| 001 | CTU_224099 | ||
| 008 | 210402s9999 xx 000 0 und d | ||
| 082 | |a 330.9597 | ||
| 082 | |b Ch125 | ||
| 088 | |a 60340201 | ||
| 100 | |a Lý, Bửu Châu | ||
| 245 | 0 | |a Phân tích tác động của viện trợ phát triển chính thức ODA đến tăng trưởng kinh tế tại Việt Nam : | |
| 245 | 0 | |b Luận văn Thạc sĩ Kinh tế. Chuyên ngành Tài chính Ngân hàng | |
| 245 | 0 | |c Lý Bửu Châu ; Nguyễn Văn Hồng (Cán bộ hướng dẫn) | |
| 260 | |a Cần Thơ | ||
| 260 | |b Trường Đại học Cần Thơ | ||
| 260 | |c 2017 | ||
| 520 | |a Phân tích tác động của nguồn vốn viện trợ phát triển chính thức ODA đến tăng trưởng kinh tế tại Việt Nam, từ đó đề xuất kiến nghị tăng cường thu hút và quản lý, sử dụng hiệu quả nguồn vốn ODA để thúc đẩy kinh tế tăng trưởng nhanh và bền vững trong tương lai. | ||
| 650 | |a Phát triển kinh tế,Economic development | ||
| 650 | |z Việt Nam,Vietnam | ||
| 980 | |a Trung tâm Học liệu Trường Đại học Cần Thơ | ||